Geomorphologia Slovaca

Bibliographic Details
New Title:Geomorphologia Slovaca et Bohemica
Other Authors: Jakál, Jozef, 1936-2025 (Publishing director), Minár, Jozef, 1962- (Publishing director)
Format: Journal
Language:Slovak
Czech
English
PhysicalDescription:6 zv. ilustr., tab. 30 cm
Published: Bratislava Asociácia slovenských geomorfológov pri SAV 2001-2006
ISSN:1335-9541
1337-6799
Subjects:

MARC

LEADER 00000cas a2200000 a 4500
001 vtls009486567
003 SK-MaSNL
005 20260228155934.0
008 090324d20012006xo fr|p 0 b0slo c
022 |a 1335-9541 
040 |a UKB  |b slo  |c UKB  |d SAVUK  |d SNK  |e AACR2 
041 0 |a slo  |a cze  |a eng  |b eng  |b pol 
044 |a xo  |c SK 
072 7 |a a 551  |x Geológia. Meteorológia. Klimatológia  |2 konspekt 
080 |a 551.4  |2 2001 
080 |a (051)-027.561  |2 2001 
080 |a 050  |2 2001 
210 0 |a Geomorphol. Slov. 
222 0 |a Geomorphologia Slovaca 
245 0 0 |a Geomorphologia Slovaca 
246 3 3 |a Geomorphologia Slovaca 
260 |a Bratislava  |b Asociácia slovenských geomorfológov pri SAV  |c 2001-2006 
300 |a 6 zv.  |b ilustr., tab.  |c 30 cm 
310 |a 2x ročne 
362 0 |a Roč. 1, č. 1 (2001)-roč. 6, č. 2 (2006) 
500 |a V r. 2001 vyšlo len 1 číslo 
500 |a Hlavný red.: Jozef Jakál, od 1/2005 Jozef Minár 
500 |a Reg. č..: MK SR 2713/2002 
500 |a Zle zviazané s. 27-96 (opačne) 
550 |a R. 2006 vydáva: Asociácia slovenských geomorfológov pri SAV a Geografický ústav SAV 
650 0 7 |a geomorfológia  |2 SNKPH  |9 22491 
650 0 7 |a Geomorphology  |2 SNKPHeng  |9 265633 
655 7 |a odborné časopisy  |2 SNKPH  |9 70505 
655 7 |a Professional journals  |2 SNKPHeng  |9 265007 
700 1 |a Jakál, Jozef,  |d 1936-2025  |4 pbd  |9 104902 
700 1 |a Minár, Jozef,  |d 1962-  |4 pbd  |9 255000 
710 2 |a Asociácia slovenských geomorfológov  |4 pbl  |9 33876 
710 2 |a Slovenská akadémia vied.  |b Geografický ústav  |4 pbl  |9 169365 
785 0 0 |t Geomorphologia Slovaca et Bohemica  |x 1337-6799  |w vtls009476427 
910 |a snk 
910 |a savuk 
916 |a 2001-2006 
999 |c 945  |d 945 
952 |0 0  |1 0  |4 0  |7 0  |8 0  |a SNK  |b SNK  |d 2013-10-14  |f 1  |i snk2013/24671  |l 0  |o snkČSB 5814/1/2001  |p 17A0867313  |r 2026-02-21 21:32:25  |t č. 1  |w 2026-02-21  |y PREZ 
952 |0 0  |1 0  |4 0  |7 0  |8 0  |a SNK  |b SNK  |d 2013-10-14  |f 1  |i snk2013/24691  |l 0  |o snkČSB 5814/2/2002  |p 17A0867314  |r 2026-02-21 21:32:25  |t č. 1-2  |w 2026-02-21  |y PREZ 
952 |0 0  |1 0  |4 0  |7 0  |8 0  |a SNK  |b SNK  |d 2013-10-14  |f 1  |i snk2013/24694  |l 0  |o snkČSB 5814/3/2003  |p 17A0867315  |r 2026-02-21 21:32:25  |t č. 1-2  |w 2026-02-21  |y PREZ 
952 |0 0  |1 0  |4 0  |7 0  |8 0  |a SNK  |b SNK  |d 2013-10-14  |f 1  |i snk2013/24695  |l 0  |o snkČSB 5814/4/2004  |p 17A0867316  |r 2026-02-21 21:32:25  |t č. 1-2  |w 2026-02-21  |y PREZ 
952 |0 0  |1 0  |4 0  |7 0  |8 0  |a SNK  |b SNK  |d 2013-10-14  |f 1  |i snk2013/24696  |l 0  |o snkČSB 5814/5/2005  |p 17A0867317  |r 2026-02-21 21:32:25  |t č. 1-2  |w 2026-02-21  |y PREZ 
952 |0 0  |1 0  |4 0  |7 0  |8 0  |a SNK  |b SNK  |d 2013-10-14  |f 1  |i snk2013/24698  |l 0  |o snkČSB 5814/6/2006  |p 17A0867318  |r 2026-02-21 21:32:25  |t č. 1-2  |w 2026-02-21  |y PREZ